Statystyki dla Najlepsze Rudy w minecraft

Kliknij tutaj aby rozwiązać quiz!

Ogólne statystyki

  • Ten quiz został rozwiązany 408 razy
  • Średni wynik to 6 z 8

Statystyki odpowiedzi

Ranking w użytecznościSurowiec% Poprawnych
2Diament
96%
3Złoto
89%
7Żelazo
71%
1Netherit
67%
8Węgiel
67%
5Redstone
57%
4Szmaragd
57%
6Kwarc
45%

Rozkład punktacji

Percentyl według liczby udzielonych odpowiedzi

Procent ludzi z każdym wynikiem

Twoja historia wyników

Nie rozwiązałeś tego quizu